Gaming Quiz

Random Gaming or Letter Quiz
Score 0/18 Timer 04:00
1 Play Today
Begins and Ends Board Game % Correct
M _ _ _ _ _ _ YMonopoly
95.8%
T _ E  G _ _ E  O F  L _ _ EThe Game of Life
93.2%
C _ _ _ Y  L _ _ DCandy Land
92.9%
R _ _ KRisk
92.3%
G _ _ _ S   W _ OGuess Who
88.6%
S _ _ _ Y!Sorry!
86.1%
D _ _ _ _ _ _ S   &   D _ _ _ _ _ SDungeons & Dragons
82.4%
H _ _ _ _ Y   H _ _ _ _ Y   H _ _ _ _ SHungry Hungry Hippos
80.5%
C _ _ _ _ _ T  F _ _ RConnect Four
77.5%
Begins and Ends Board Game % Correct
M _ _ _ E  T _ _ PMouse Trap
69.7%
O _ _ _ _ _ OOthello
64.2%
A _ _ _ _ S   T O   A _ _ _ _ SApples to Apples
55.7%
S _ _ _ _ _ _ S  O F  C _ _ _ NSettlers of Catan
52.5%
T _ _ _ _ T   T O   R _ _ ETicket to Ride
51.3%
S _ _ _ _ _ _ D   Y _ _ DScotland Yard
49.3%
T _ _ _ _ _ L   P _ _ _ _ _ TTrivial Pursuit
46.8%
O _ _ _ _ _ _ _ NOperation
46.4%
B _ _ _ _ _ _ _ _ PBattleship
46.4%
Remove Ads.
Support Sporcle.
Get the best of Sporcle when you Go Orange. This ad-free experience offers more features, more stats, and more fun while also helping to support Sporcle. Thank you for becoming a member.

You're not logged in!

Compare scores with friends on all Sporcle quizzes.
OR
Log In

Show Comments

Extras

Top Quizzes Today


Score Distribution

Your Account Isn't Verified!

In order to create a playlist on Sporcle, you need to verify the email address you used during registration. Go to your Sporcle Settings to finish the process.

Report this User

Report this user for behavior that violates our Community Guidelines.

Details: